000
00269nam a2200109 a 4500
005
20201002053446.0
008
180424s2017 000 spa d
020
_a
9789945194913
245
0
_a
Ciencias sociales 6 :.
260
_a
Santo Domingo,
_c
2017.
999
_c
46707
_d
46707
040
_a
DO-SdBNP